00546nam a22001217a 4500008004100000050002300041100002300064245015700087260006600244300003500310650003100345650004800376170323b xxu||||| |||| 00| 0 eng d aLB 1631b.S54 1985 aSheppard Ronnie L. aEnhancing learning through oral and written expression : bstrategies for subject area teachers/cRonnie L Sheppard; National Middle School Association. aColumbus, Ohio :bNational Middle School Association, c1985. aiv, 108 p. : bill. ; c23 cm. a Language arts (Secondar)  aMiddle schoolsx CurriculayUnited States.